Análisis de datos en psicología

Gardado en:
Detalles Bibliográficos
Main Authors: Botella Ausina, Juan (Author), León, Orfelio G (Author), Pardo Merino, Antonio (Author)
Outros autores: San Martín Castellanos, Rafael (autor)
Formato: Libro
Idioma:Lingua castelá
Publicado: Madrid Pirámide 1993
Series:Colección Psicología
Subjects:
Tags: Engadir etiqueta
Sen Etiquetas, Sexa o primeiro en etiquetar este rexistro!

MARC

LEADER 00000nam a2200000 a 4500
001 UCW7642
003 CL-VaPUC
005 20230308161903.0
008 930604e19930000SP |||||||||||||||||spa|d
999 |c 220343  |d 220341 
040 |c Pontificia Universidad Católica de Valparaíso 
082 0 4 |a 154.8  |b BOT  |2 21 
100 0 |a Botella Ausina, Juan  |e author  |9 312851 
245 1 0 |a Análisis de datos en psicología 
260 |a Madrid  |b Pirámide  |c 1993 
300 |a v 
490 0 |a Colección Psicología 
583 |a last modification  |c 20150701 11:43:12  |k Rodrigo Vera 
650 7 |a PSICOMETRIA PSICOLOGIA  |2 CL-VaPUC  |9 308751 
650 0 |a Inferencia estadística  |9 312855 
650 0 |a Análisis de datos  |9 269871 
700 |a León, Orfelio G  |e author  |9 564596 
700 |a San Martín Castellanos, Rafael  |e autor  |9 880448 
700 |a Pardo Merino, Antonio  |e author  |9 309013 
942 |c BK  |2 ddc 
945 |d 19930604 00:00:00 
952 |0 0  |1 0  |4 0  |6 154_800000000000000_BOT_1993  |7 0  |8 A  |9 212401  |a BIBEDU  |b BIBEDU  |d 2019-11-15  |h v.1  |i 2806347  |o 154.8 BOT 1993  |p 2806347  |r 2019-11-15  |w 2019-11-15  |y BK  |k EDU 
952 |0 0  |1 0  |4 0  |6 154_800000000000000_BOT_1993  |7 0  |8 A  |9 212402  |a BIBEDU  |b BIBEDU  |d 2019-11-15  |h v.2  |i 3578224  |o 154.8 BOT 1993  |p 3578224  |r 2019-11-15  |w 2019-11-15  |y BK  |k PSI